000 00968cam a2200253 i 4500
001 109163
005 20230410130933.0
008 130402s1997 sp a 000 0 spa
020 _a9788466318488
041 0 _aspa
050 1 4 _aPQ 8498.32
_bV297c 1997
100 1 _aVargas Llosa, Mario,
_d1936-
245 1 3 _aLos cuadernos de don Rigoberto /
_bMario, Vargas Llosa
260 _aMadrid, España
_bSantillana ediciones generales
_c1997
300 _a397 p.
_b19 cm
440 0 _aPunto de lectura
520 _a"Libro en el que el autor retoma los personajes de una novela anterior, Elogio de la madrastra, para narrar el triángulo amoroso entre un joven precoz, Fonchito, Lucrecia, su madrastra, y el ex-esposo de ésta, Don Rigoberto"--Handbook of Latin American Studies, v. 58. |u http://www.loc.gov/hlas/
650 0 _aNarrative.
650 0 _aPeruvian novel.
650 4 _aNarrativa
650 4 _aNovela peruana.
942 _2lcc
_cbk
946 _adpf
999 _c83107
_d83107